书目信息 |
| 题名: |
混凝土结构与砌体结构基本原理及应用实务
|
|
| 作者: | 王文睿 主编 | |
| 分册: | ||
| 出版信息: | 北京 中国建筑工业出版社 2013 |
|
| 页数: | 350页 | |
| 开本: | 26cm | |
| 丛书名: | ||
| 单 册: | ||
| 中图分类: | TU37 , TU36 | |
| 科图分类: | ||
| 主题词: | 混凝土结构--职业高中--教材 , 砌体结构--职业高中--教材 , 砌体结构 , 混凝土结构 | |
| 电子资源: | ||
| ISBN: | 978-7-112-15560-6 | |
| 000 | 01001nam0 2200277 450 | |
| 001 | 141709 | |
| 005 | 20141111122216.53 | |
| 010 | @a978-7-112-15560-6@dCNY 49.00 | |
| 100 | @a20131011d2013 em y0chiy50 ea | |
| 101 | 0 | @achi |
| 102 | @aCN@b110000 | |
| 105 | @ay z 000yy | |
| 200 | 1 | @a混凝土结构与砌体结构基本原理及应用实务@9hun ning tu jie gou yu qi ti jie gou ji ben yuan li ji ying yong shi wu@b专著@f王文睿主编 |
| 210 | @a北京@c中国建筑工业出版社@d2013 | |
| 215 | @a350页@d26cm | |
| 300 | @a中等职业学校建筑工程施工专业系列教材 按新规范编写 | |
| 330 | @a本书分混凝土结构和砌体结构两大篇。具体内容包括:钢筋和混凝土材料的力学性能、钢筋混凝土结构的基本设计原理、钢筋混凝土结构平法施工图的识计等。 | |
| 606 | 0 | @a混凝土结构@x职业高中@j教材 |
| 606 | 0 | @a砌体结构@x职业高中@j教材 |
| 606 | 0 | @a砌体结构 |
| 606 | 0 | @a混凝土结构 |
| 690 | @aTU37@v5 | |
| 690 | @aTU36@v5 | |
| 701 | 0 | @a王文睿@9wang wen rui@c(建筑科学)@4主编 |
| 801 | 0 | @aCN@bZL@c20141111 |
| 905 | @a241430@dTU37@eW377 | |
| 混凝土结构与砌体结构基本原理及应用实务/王文睿主编.-北京:中国建筑工业出版社,2013 |
| 350页;26cm |
| 中等职业学校建筑工程施工专业系列教材 按新规范编写 |
| ISBN 978-7-112-15560-6:CNY 49.00 |
| 本书分混凝土结构和砌体结构两大篇。具体内容包括:钢筋和混凝土材料的力学性能、钢筋混凝土结构的基本设计原理、钢筋混凝土结构平法施工图的识计等。 |
| ● |
| 相关链接 |
|
|
|
正题名:混凝土结构与砌体结构基本原理及应用实务
索取号:TU37/W377
 
预约/预借
| 序号 | 登录号 | 条形码 | 馆藏地/架位号 | 状态 | 备注 |
| 1 | 0838743 | 208387431 | 建筑库101/101建筑库 85排3列2层/ [索取号:TU37/W377] | 在馆 | |
| 2 | 0838744 | 208387440 | 建筑库101/101建筑库 85排3列2层/ [索取号:TU37/W377] | 在馆 | |
| 3 | 0838745 | 208387459 | 建筑库101/101建筑库 85排3列2层/ [索取号:TU37/W377] | 在馆 |